000 00506nam a2200169Ia 4500
999 _c11429
_d11429
003 OSt
005 20200104113029.0
008 190216s9999||||xx |||||||||||||| ||und||
020 _a9789350624524
040 _coclc
082 _a332.042
_bIYE/I
100 _aIyengar,Vijayaragavan
_91043
245 0 _aInternational Banking And Finance /
_cVijayaragavan Iyengar
260 _bExcel Books,
_c2014.
_aNew Delhi:
300 _a714p
942 _cBK
_2ddc
_h332.042
_iIYE/I
_k332.042
_mIYE/I